000 00647nam a2200229Ia 4500
003 OSt
005 20220927110343.0
006 a|||||r|||| 00| 0
007 ta
008 220926b |||||||| |||| 00| 0 eng d
024 _a37405
037 _cReports
040 _aRTL
_cRTL
_beng
041 _2eng
_aeng
082 _a"X:742:3:N3, G5"
111 _a"British Association, Research Committee of the Economic Science and Statistics Section"
_9376506
245 0 _aBritain in depression
_b A record of British indust
260 _c1935
650 _aDepression
942 _h"X:742:3:N3, G5"
_cCC
999 _c695725
_d695725